|
|
|
|
| LEADER |
02041nam a2200457 i 4500 |
| 001 |
EBC4347759 |
| 003 |
MiAaPQ |
| 005 |
20200520144314.0 |
| 006 |
m o d | |
| 007 |
cr cnu|||||||| |
| 008 |
160308t20152015gw obq 000 0 ger d |
| 020 |
|
|
|z 9783837624762
|
| 020 |
|
|
|a 9783839424766 (e-book)
|
| 035 |
|
|
|a (MiAaPQ)EBC4347759
|
| 035 |
|
|
|a (Au-PeEL)EBL4347759
|
| 035 |
|
|
|a (CaPaEBR)ebr11159592
|
| 035 |
|
|
|a (CaONFJC)MIL904967
|
| 035 |
|
|
|a (OCoLC)941699396
|
| 040 |
|
|
|a MiAaPQ
|b eng
|e rda
|e pn
|c MiAaPQ
|d MiAaPQ
|
| 043 |
|
|
|a s-bl---
|
| 050 |
|
4 |
|a NX533.A1
|b .S38 2015
|
| 082 |
0 |
|
|a 700.981
|2 23
|
| 100 |
1 |
|
|a Schulze, Peter W.,
|e author.
|
| 245 |
1 |
0 |
|a Strategien "kultureller kannibalisierung" :
|b postkoloniale reprasentationen vom brasilianischen Modernismo zum cinema novo /
|c Peter W. Schulze.
|
| 264 |
|
1 |
|a Bielefeld, [Germany] :
|b transcript Verlag,
|c 2015.
|
| 264 |
|
4 |
|c 2015
|
| 300 |
|
|
|a 1 online resource (277 pages).
|
| 336 |
|
|
|a text
|2 rdacontent
|
| 337 |
|
|
|a computer
|2 rdamedia
|
| 338 |
|
|
|a online resource
|2 rdacarrier
|
| 490 |
1 |
|
|a Postcolonial Studies ;
|v Band 16
|
| 504 |
|
|
|a Includes bibliographical references, filmography.
|
| 588 |
|
|
|a Description based on online resource; title from PDF cover (ebrary, viewed March 7, 2016).
|
| 590 |
|
|
|a Electronic reproduction. Ann Arbor, MI : ProQuest, 2016. Available via World Wide Web. Access may be limited to ProQuest affiliated libraries.
|
| 650 |
|
0 |
|a Arts, Brazilian
|y 20th century.
|
| 650 |
|
0 |
|a Popular culture
|z Brazil
|x History
|y 20th century.
|
| 655 |
|
4 |
|a Electronic books.
|
| 776 |
0 |
8 |
|i Print version:
|a Schulze, Peter W.
|t Strategien "kultureller kannibalisierung" : postkoloniale reprasentationen vom brasilianischen Modernismo zum cinema novo.
|d Bielefeld, [Germany] : transcript Verlag, c2015
|h 274 pages
|k Postcolonial studies ; Band 16.
|z 9783837624762
|
| 797 |
2 |
|
|a ProQuest (Firm)
|
| 830 |
|
0 |
|a Postcolonial studies ;
|v Band 16.
|
| 856 |
4 |
0 |
|u https://ebookcentral.proquest.com/lib/matrademy/detail.action?docID=4347759
|z Click to View
|